'I' TV Shows by Picture Quiz Stats

Quiz Updated Dec 6, 2013

Challenge
Share
Tweet
Score 0/16 Timer 05:00
0 Plays Today
Location Show % Correct
I Love Lucy
91.7%
The Incredible Hulk
91.6%
Inspector Gadget
87.8%
I Dream of Jeannie
79.4%
iCarly
62.6%
Iron Chef
58%
It's Always Sunny in Philadelphia
53.3%
The Invisible Man
44.2%
Location Show % Correct
In Living Color
42.9%
Inside the Actor's Studio
35.9%
Inked
35%
Intervention
29.7%
Invader ZIM
26.4%
I Love New York
20.3%
I Love the '80's
18.5%
I'm a Celebrity...Get Me Out of Here!
16.1%

You're not logged in!

Compare scores with friends on all Sporcle quizzes.
Join for Free
OR
Log In

You Might Also Like...

Show Comments

Extras

Top Quizzes Today


Score Distribution

Your Account Isn't Verified!

In order to create a playlist on Sporcle, you need to verify the email address you used during registration. Go to your Sporcle Settings to finish the process.

Report this User

Report this user for behavior that violates our Community Guidelines.

Details: